On This Day: June 9th II Quiz Stats

 Plays Quiz Updated Jun 9, 2018

Score 0/7 Timer 03:00
0 Plays Today
Question Answer Wrong Answers
Five hundred Mormons leave Iowa City, Iowa, traveling along the Mormon Trail to this city.
1856
Salt Lake City, Utah
95.6%
Tombstone, Arizona
0.7%
Jackson, Wyoming
2.1%
Carson City, Nevada
1%
James Oglethorpe is granted a royal charter for the colony of this future US state, sometimes called the ‘Peach State’ today.
1732
Georgia
89.8%
Virginia
3%
South Carolina
4.3%
Florida
2.9%
Jake Lingle, a reporter for the Chicago Tribune, is murdered during rush hour at the Illinois Central train station, allegedly over a $100,000 gambling debt owed to this famous mobster.
1930
Al Capone
89.7%
Machine Gun Kelly
1.3%
Lucky Luciano
3.3%
Bugsy Siegel
5.1%
A complete copy of the ______ Bible, the first major book printed using mass-produced movable metal type, sells for $2.4 million in London.
1978
Gutenberg
87.5%
Newton
3.3%
Calvin
6.3%
Cervantes
2.1%
This Israeli-American actress, who won an Academy Award for her role as Nina Sayers in ‘Black Swan’, is born.
1981
Natalie Portman
83.5%
Keira Knightley
3%
Mila Kunis
10.1%
Anne Hathaway
2.4%
This man, known for leaking classified information from the National Security Agency (NSA), publicly makes his identity known.
2013
Edward Snowden
79.5%
Julian Assange
17.1%
Glenn Greenwald
1.3%
William Binney
1%
The Congress of ______ ends, settling critical issues arising from the French Revolutionary Wars and the Napoleonic Wars.
1815
Vienna
53.7%
Prague
4.4%
London
2.6%
Paris
39.1%

You're not logged in!

Compare scores with friends on all Sporcle quizzes.
OR
Log In

Sporcle TV

Today on Sporcle TV


Watch our educational content, quiz creation guides, and fun videos on Sporcle TV.

Show Comments

Extras

Top Quizzes Today


Score Distribution

Your Account Isn't Verified!

In order to create a playlist on Sporcle, you need to verify the email address you used during registration. Go to your Sporcle Settings to finish the process.

Report this User

Report this user for behavior that violates our Community Guidelines.

Details: